| Tag |
First Indicator |
Second Indicator |
Subfields |
| LEADER |
00000cam a2200000 a 4500 |
| 001 |
in00000018546 |
| 005 |
20151007053256.0 |
| 008 |
870417s1987 nyua j 00011 eng |
| 010 |
|
|
|a 87010868
|
| 020 |
|
|
|a 0399214526 :
|c $11.95
|
| 035 |
|
|
|a (OCoLC)15629309
|
| 035 |
|
|
|9 AAB1046AM
|
| 040 |
|
|
|a DLC
|c DLC
|d TXA
|d UtOrBLW
|
| 049 |
|
|
|a [Curr Col] TXAM
|c [A11058623]
|
| 050 |
0 |
0 |
|a PZ7.K6797
|b Hg 1987
|
| 082 |
0 |
|
|a [Fic]
|2 19
|
| 100 |
1 |
|
|a Kline, Suzy.
|
| 245 |
1 |
0 |
|a Herbie Jones and the class gift /
|c by Suzy Kline ; illustrated by Richard Williams.
|
| 264 |
|
1 |
|a New York :
|b Putnam,
|c [1987]
|
| 264 |
|
4 |
|c ©1987
|
| 300 |
|
|
|a 94 pages :
|b illustrations ;
|c 21 cm.
|
| 336 |
|
|
|a text
|b txt
|2 rdacontent
|
| 337 |
|
|
|a unmediated
|b n
|2 rdamedia
|
| 338 |
|
|
|a volume
|b nc
|2 rdacarrier
|
| 520 |
|
|
|a Disaster strikes when Annabelle trusts Herbie Jones and Raymond with the job of picking up the class's gift to their teacher.
|
| 586 |
|
|
|a Texas Bluebonnet Award nominee, 1990.
|
| 650 |
|
1 |
|a Schools
|x Fiction.
|
| 650 |
|
1 |
|a Gifts
|x Fiction.
|
| 650 |
|
1 |
|a Humorous stories.
|
| 700 |
1 |
|
|a Williams, Richard.
|
| 999 |
|
|
|a MARS
|
| 999 |
f |
f |
|s d9a7559c-055d-3d50-81ab-4c23662d6ee3
|i 245596c7-6faf-391f-892d-6900768a2ed6
|t 0
|
| 952 |
f |
f |
|p ric
|a Texas A&M University
|b Rellis Campus
|c Joint Library Facility
|d Remote Storage
|t 0
|e PZ7.K6797 Hg 1987
|h Library of Congress classification
|i unmediated -- volume
|m A14811058623
|
| 998 |
f |
f |
|a PZ7.K6797 Hg 1987
|t 0
|l Remote Storage
|